| 000 | 00834cam a2200265 a 4500 | ||
|---|---|---|---|
| 001 | 000004083 | ||
| 005 | 20200929150710.0 | ||
| 008 | 981013s1999 sp 000 f spa d | ||
| 020 | _a847953432X | ||
| 041 | 1 | 7 |
_aspa _beng _2Código de idioma MARC |
| 082 |
_a813.54 _bB571m |
||
| 100 | 1 |
_aBeverley, Jo. _912165 |
|
| 240 | 1 | 0 |
_aForbidden magic. _lEspañol |
| 245 | 1 | 0 |
_aMagia prohibida / _cJo Beverley; traducción de Mar Guerrero. |
| 260 |
_aBarcelona : _bTitania, _c1999. |
||
| 300 |
_a511p. ; _c17 cm. |
||
| 534 |
_pTítulo original. _tForbidden magic |
||
| 650 | 4 |
_aNovela estadounidense _ySIGLO XX _96873 |
|
| 650 | 4 |
_aLiteratura estadounidense _ySIGLO XX. _96874 |
|
| 700 | 1 |
_aGuerrero, Mar, _etr. _912166 |
|
| 910 | _aCatalogación por copia / LC | ||
| 910 | _aJornada de catalogación | ||
| 910 | _aWM | ||
| 999 |
_c3901 _d3901 |
||
| 040 | _aDO-SdBNP | ||